| 000 | 00419nam a2200169Ia 4500 | ||
|---|---|---|---|
| 999 |
_c31500 _d31500 |
||
| 003 | OSt | ||
| 005 | 20250728152405.0 | ||
| 008 | 250310s9999||||xx |||||||||||||| ||und|| | ||
| 040 | _cIMUKC | ||
| 082 |
_a800 _bL945 |
||
| 100 |
_96155 _aLudlum, Robert |
||
| 245 | 0 |
_aThe holcroft conenant _cby Robert Ludlum |
|
| 260 |
_a[S.l.]: _b[S.n.], _c?. |
||
| 300 | _a500p. | ||
| 650 | 0 |
_93567 _aEnglish Literature |
|
| 942 |
_cBK _2ddc |
||